|
|
|
|
| LEADER |
00000nam0a2200000 4500 |
| 001 |
248175 |
| 005 |
20231101232349.0 |
| 010 |
|
|
|a 5020138444
|
| 035 |
|
|
|a (RuTPU)RU\TPU\book\269881
|
| 090 |
|
|
|a 248175
|
| 100 |
|
|
|a 20140118d1988 k y0rusy50 ca
|
| 101 |
0 |
|
|a rus
|
| 102 |
|
|
|a RU
|
| 105 |
|
|
|a a z 001zy
|
| 200 |
1 |
|
|a Управляемые оптические системы
|f М. А. Воронцов, А. В. Корябин, В. И. Шмальгаузен
|
| 210 |
|
|
|a Москва
|c Наука
|d 1988
|
| 215 |
|
|
|a 272 с.
|c ил.
|
| 225 |
1 |
|
|a Проблемы науки и технического прогресса: ПНТП
|
| 320 |
|
|
|a Библиогр.: с. 262-269.
|
| 606 |
1 |
|
|a Геометрическая оптика
|2 stltpush
|3 (RuTPU)RU\TPU\subj\6161
|9 34116
|
| 610 |
1 |
|
|a оптические системы
|
| 610 |
1 |
|
|a управление
|
| 610 |
1 |
|
|a оптическое излучение
|
| 610 |
1 |
|
|a световые пучки
|
| 610 |
1 |
|
|a фазовые измерения
|
| 610 |
1 |
|
|a волновой фронт
|
| 610 |
1 |
|
|a корректоры
|
| 610 |
1 |
|
|a визуализация
|
| 675 |
|
|
|a 535.31
|v 3
|
| 700 |
|
1 |
|a Воронцов
|b М. А.
|g Михаил Алексеевич
|
| 701 |
|
1 |
|a Корябин
|b А. В.
|g Александр Васильевич
|
| 701 |
|
1 |
|a Шмальгаузен
|b В. И.
|g Виктор Иванович
|
| 801 |
|
1 |
|a RU
|b 63413507
|c 20140118
|
| 801 |
|
2 |
|a RU
|b 63413507
|c 20140207
|g RCR
|
| 942 |
|
|
|c BK
|